|
|
|
|
| LEADER |
02657nam a22005055i 4500 |
| 001 |
978-0-306-48016-4 |
| 003 |
DE-He213 |
| 005 |
20151120175734.0 |
| 007 |
cr nn 008mamaa |
| 008 |
100301s2002 ne | s |||| 0|eng d |
| 020 |
|
|
|a 9780306480164
|9 978-0-306-48016-4
|
| 024 |
7 |
|
|a 10.1007/0-306-48016-6
|2 doi
|
| 040 |
|
|
|d GrThAP
|
| 050 |
|
4 |
|a LC8-6691
|
| 072 |
|
7 |
|a JNU
|2 bicssc
|
| 072 |
|
7 |
|a PB
|2 bicssc
|
| 072 |
|
7 |
|a EDU029010
|2 bisacsh
|
| 082 |
0 |
4 |
|a 370
|2 23
|
| 100 |
1 |
|
|a AlrØ, Helle.
|e author.
|
| 245 |
1 |
0 |
|a Dialogue and Learning in Mathematics Education
|h [electronic resource] :
|b Intention, Reflection, Critique /
|c by Helle AlrØ, Ole Skovsmose.
|
| 264 |
|
1 |
|a Dordrecht :
|b Springer Netherlands,
|c 2002.
|
| 300 |
|
|
|a VIII, 286 p.
|b online resource.
|
| 336 |
|
|
|a text
|b txt
|2 rdacontent
|
| 337 |
|
|
|a computer
|b c
|2 rdamedia
|
| 338 |
|
|
|a online resource
|b cr
|2 rdacarrier
|
| 347 |
|
|
|a text file
|b PDF
|2 rda
|
| 490 |
1 |
|
|a Mathematics Education Library ;
|v 29
|
| 505 |
0 |
|
|a Communication in the Mathematics Classroom -- Inquiry Co-Operation -- Further Development of the Inquiry Co-Operation Model -- Dialogue and Learning -- Intention and Learning -- Reflection and Learning -- Critique and Learning -- Critical Epistemology and the Learning of Mathematics.
|
| 520 |
|
|
|a Dialogue and Learning in Mathematics Education is concerned with communication in mathematics class-rooms. In a series of empirical studies of project work, we follow students' inquiry cooperation as well as students' obstructions to inquiry cooperation. Both are considered important for a theory of learning mathematics. Special attention is paid to the notions of `dialogue' and `critique'. A central idea is that `dialogue' supports `critical learning of mathematics'. The link between dialogue and critique is developed further by including the notions of `intention' and `reflection'. Thus a theory of learning mathematics is developed which is resonant with critical mathematics education.
|
| 650 |
|
0 |
|a Education.
|
| 650 |
|
0 |
|a Philosophy and social sciences.
|
| 650 |
|
0 |
|a Mathematics
|x Study and teaching.
|
| 650 |
1 |
4 |
|a Education.
|
| 650 |
2 |
4 |
|a Mathematics Education.
|
| 650 |
2 |
4 |
|a Learning & Instruction.
|
| 650 |
2 |
4 |
|a Philosophy of Education.
|
| 700 |
1 |
|
|a Skovsmose, Ole.
|e author.
|
| 710 |
2 |
|
|a SpringerLink (Online service)
|
| 773 |
0 |
|
|t Springer eBooks
|
| 776 |
0 |
8 |
|i Printed edition:
|z 9781402009983
|
| 830 |
|
0 |
|a Mathematics Education Library ;
|v 29
|
| 856 |
4 |
0 |
|u http://dx.doi.org/10.1007/0-306-48016-6
|z Full Text via HEAL-Link
|
| 912 |
|
|
|a ZDB-2-SHU
|
| 912 |
|
|
|a ZDB-2-BAE
|
| 950 |
|
|
|a Humanities, Social Sciences and Law (Springer-11648)
|